000 00250nam a2200097Ia 4500
001 917320
005 20250826185911.0
008 250824s9999 xx 000 0 und d
245 0 _aSERDENGEÇTİ2
_cOSMAN YÜKSEL SERDENGEÇTİ
260 _bTEDEV YAYINLARI
999 _c917320
_d917320